Statistics for Top 15 Celebrities Born In 1971

Click here to take the quiz!

General Stats

  • This quiz has been taken 126 times
    (81 since last reset)
  • The average score is 7 of 15

Answer Stats

Answer% Correct
Snoop Dogg
91%
Elon Musk
85%
Mark Wahlberg
70%
Tupac
70%
Winona Ryder
58%
Ricky Martin
52%
Justin Trudeau
47%
Amy Poehler
38%
Jada Pinkett Smith
33%
Sean Astin
29%
Mary J. Blige
27%
Missy Elliot
23%
Johny Knoxville
15%
Regina King
15%
Lisa Lopes/ TLC
11%

Score Distribution

Percentile by Number Answered

Percent of People with Each Score

Your Score History

You have not taken this quiz since the last reset